| 000 | 00477nam a2200181Ia 4500 | ||
|---|---|---|---|
| 003 | GCL | ||
| 008 | 140319s9999 xx 000 0 eng d | ||
| 040 |
_aGCL / _cGCL |
||
| 082 | 0 | 4 |
_a621.34 _bL I |
| 100 | 1 | _aLUCAS, JOHN | |
| 245 | 1 | 0 |
_aINDUCATION CONDUCTION ELECTRIQUE DONS L'INDUSTRIE / _cLUCAS, JOHN |
| 260 |
_a[S.N] : _bDOPEE ، _c1996 |
||
| 300 | _a720 P | ||
| 650 | 0 | 4 | _aELECTROMAGNETIC |
| 650 | 0 | 4 | _aTECHNOLOGY |
| 650 | 0 | 4 | _aMAMGNETIC - ENGINEERING |
| 942 |
_2ddc _cBK |
||
| 999 |
_c16193 _d16193 |
||